00656nam a22002051 450000100060000000300080000600500170001400800410003103500190007204000320009104100080012308200200013110000240015124500640017526000670023930000340030649000420034050400400038265000280042215621BD-RjUL20211208235846.0140210r19691966caua b 001 0 eng d a(BD-RjUL)15676 aDLCcDLCdDLCdBD-RjULbeng aeng00a658.3bDUP 19691 aDunnette, Marvin D.10aPersonnel selection and placement /cby Marvin D. Dunnette. aBelmont, Calif. :bWadsworth Pub. Co.,cc1966 [Reprinted 1969] ax, 239 p. :billus. ;c22 cm.0 aBehavioral science in industry series aBibliography: p. 225-229. and Index 0aPsychology, Industrial.